Pasión de los fuertes : la mirada antropológica de diez maestros del cine /
Uloženo v:
| Hlavní autor: | |
|---|---|
| Další autoři: | |
| Médium: | Kniha |
| Jazyk: | španělština |
| Vydáno: |
Madrid, España :
Dossat,
2005, c2005
|
| Edice: | (Libros de Cine Dossat)
|
| Témata: | |
| Tagy: |
Žádné tagy, Buďte první, kdo vytvoří štítek k tomuto záznamu!
|
MARC
| LEADER | 00000nam^a2200000^a^4500 | ||
|---|---|---|---|
| 001 | 000187080 | ||
| 005 | 20250521000000.0 | ||
| 009 | 20260310102247.689 | ||
| 020 | |a 84-96437-18-3 | ||
| 037 | |a Acervo ITESO - Biblioteca | ||
| 041 | |a ESP | ||
| 082 | |a 302. 23509 |b ORE | ||
| 100 | |a Orellana Gutiérrez de Terán, Juan |e (autor) | ||
| 245 | 1 | 0 | |a Pasión de los fuertes : |b la mirada antropológica de diez maestros del cine / |c J. Orellana Gutiérrez de Terán, J.P. Serra. |
| 264 | 4 | |a Madrid, España : |b Dossat, |c 2005, c2005 | |
| 300 | |a 161 p. | ||
| 336 | |a texto |b txt |2 rdacontenido | ||
| 337 | |a sin mediación |b n |2 rdamedio | ||
| 338 | |a volumen |b nc |2 rdasoporte | ||
| 440 | 1 | |a (Libros de Cine Dossat) | |
| 649 | |a XX | ||
| 650 | |a Cineastas Daneses | ||
| 650 | |a Cineastas Españoles | ||
| 650 | |a Cineastas Ingleses | ||
| 650 | |a Cineastas Italianos | ||
| 650 | |a Cineastas Suecos | ||
| 650 | |a Cineastas Europeos | ||
| 650 | |a Cineastas Norteamericanos | ||
| 650 | |a Antropología Filosófica en el Cine - |x Historia y Crítica - |x Tema Principal | ||
| 650 | |a Filosofía y Religión en el Cine - |x Historia y Crítica | ||
| 650 | |a Filosofía en el Cine - |x Historia y Crítica | ||
| 650 | |a Cine Danés - |x Historia y Crítica | ||
| 650 | |a Cine Español - |x Historia y Crítica | ||
| 650 | |a Cine Francés - |x Historia y Crítica | ||
| 650 | |a Cine Italiano - |x Historia y Crítica | ||
| 650 | |a Cine Mexicano - |x Historia y Crítica | ||
| 650 | |a Cine Norteamericano - |x Historia y Crítica | ||
| 650 | |a Cine Sueco - |x Historia y Crítica | ||
| 650 | |a Cine - |x Historia y Crítica - |x Tema Principal | ||
| 650 | |a Vitalismo | ||
| 650 | |a Optimismo - |x Filosofía | ||
| 650 | |a Nihilismo | ||
| 650 | |a Escepticismo | ||
| 650 | |a Existencialismo | ||
| 650 | |a Pesimismo | ||
| 650 | |a Modernidad y Posmodernidad | ||
| 650 | |a Bergman, Ingmar | ||
| 650 | |a Buñuel, Luis | ||
| 650 | |a Capra, Frank | ||
| 650 | |a Chaplin, Charles | ||
| 650 | |a Dreyer, Carl Theodor | ||
| 650 | |a Ford, John | ||
| 650 | |a Pasolini, Pier Paolo | ||
| 650 | |a Rossellini, Roberto | ||
| 600 | |a Allen, Woody | ||
| 600 | |a Kazan, Elia | ||
| 700 | |a Serra, Juan Pablo |e (autor) | ||
| 910 | |a Fondo General | ||
| 920 | |a Impresos - Libros | ||
| 930 | |a Colección General | ||
| 905 | |a 101 | ||
| 901 | |a 0500128992 |b IT1 |c ACC |u 20250521 | ||
| 902 | |a https://opac.biblio.iteso.mx/vufind/Record/000187080 | ||